[Event "2. Torneio Aberto do Brasil - Fortaleza"]
[Site "Fortaleza BRA"]
[Date "2012.04.07"]
[Round "5.25"]
[White "De Oliveira, Aquiles Machado"]
[Black "Rothebarth, Ana Vitoria De Pau"]
[Result "0-1"]
[WhiteElo "2096"]
[BlackElo "2030"]
[PlyCount "112"]
[EventDate "2012.04.05"]
[EventType "swiss"]
[EventRounds "7"]
[EventCountry "BRA"]
[Source "lmi"]
[SourceDate "2012.08.05"]

1. Nc3 e5 2. Nf3 Nc6 3. e4 Nf6 4. g3 Bb4 5. Bg2 O-O 6. O-O d6 7. d3 Bg4 8. h3
Bh5 9. Nd5 Nxd5 10. exd5 Nd4 11. g4 Nxf3+ 12. Bxf3 Bg6 13. c3 Bc5 14. a4 a5 15.
Bg2 f5 16. Be3 fxg4 17. hxg4 Bxe3 18. fxe3 Qg5 19. Qe2 h5 20. gxh5 Bxh5 21. Qd2
Bf3 22. Rf2 Bxd5 23. e4 Qxd2 24. Rxd2 Be6 25. d4 Rf4 26. dxe5 dxe5 27. b4 g5
28. b5 b6 29. Rc1 Bc4 30. Rd7 Rf7 31. Rd2 Raf8 32. Bh3 Kg7 33. Bf5 Rh8 34. Rg2
Kf6 35. Rd1 Rg7 36. Rdd2 Rh4 37. Rg3 Be6 38. Bxe6 Kxe6 39. Re3 Rd7 40. Rxd7
Kxd7 41. Kf2 Ke6 42. Ke2 Rf4 43. Kd3 g4 44. Kc4 g3 45. Rxg3 Rxe4+ 46. Kb3 Rf4
47. Rg7 Rf7 48. Rg1 Rd7 49. Kc4 e4 50. Rg5 Kf6 51. Rh5 e3 52. Rh1 Kf5 53. Re1
Ke4 54. Rh1 e2 55. Rh4+ Ke3 56. Rh3+ Kd2 0-1

[Event "2. Torneio Aberto do Brasil - Fortaleza"]
[Site "Fortaleza BRA"]
[Date "2012.04.07"]
[Round "5.26"]
[White "De Souza, Arthur Olintho"]
[Black "Simoes, Anderson Mauro"]
[Result "1-0"]
[WhiteElo "2076"]
[BlackElo "1794"]
[PlyCount "35"]
[EventDate "2012.04.05"]
[EventType "swiss"]
[EventRounds "7"]
[EventCountry "BRA"]
[Source "lmi"]
[SourceDate "2012.08.05"]

1. e4 e5 2. Nf3 Nc6 3. Bb5 a6 4. Ba4 d6 5. d4 b5 6. Bb3 Bg4 7. Bd5 Nxd4 8. c3
c6 9. Bxf7+ Kxf7 10. cxd4 Qf6 11. Qb3+ Be6 12. dxe5 dxe5 13. Qc3 Bd6 14. Bg5 a5
15. Bxf6 Bb4 16. Bxe5 Bxc3+ 17. Nxc3 b4 18. Ng5+ 1-0

[Event "2. Torneio Aberto do Brasil - Fortaleza"]
[Site "Fortaleza BRA"]
[Date "2012.04.07"]
[Round "5.27"]
[White "Mateus, Jerluce De Alcantar"]
[Black "Fiaes, Mario Henrique Andr"]
[Result "0-1"]
[WhiteElo "1834"]
[BlackElo "2069"]
[PlyCount "144"]
[EventDate "2012.04.05"]
[EventType "swiss"]
[EventRounds "7"]
[EventCountry "BRA"]
[Source "lmi"]
[SourceDate "2012.08.05"]

1. c4 e5 2. Nc3 Nc6 3. g3 f5 4. d3 Nf6 5. Bg2 Be7 6. Nf3 O-O 7. O-O Qe8 8. Bd2
Qh5 9. Nd5 Bd8 10. e3 d6 11. Nh4 Qh6 12. Nxf5 Bxf5 13. e4 Qg6 14. exf5 Qxf5 15.
Be3 Kh8 16. Qb3 Rb8 17. Nxf6 Bxf6 18. a3 a6 19. Rab1 Bg5 20. Rbe1 Qg6 21. Qd1
Ne7 22. Qd2 Bf6 23. b4 c6 24. Be4 Qf7 25. Bg5 Rbe8 26. Bxf6 Qxf6 27. Kh1 Rf7
28. Qe2 Qh6 29. Qe3 Qh5 30. Qe2 Qh6 31. Qe3 Qh3 32. Bg2 Qc8 33. f4 Nf5 34. Qd2
exf4 35. Qxf4 Rxe1 36. Rxe1 Qd8 37. Bh3 Nh6 38. Qe4 Ng8 39. Qe8 Rd7 40. Qxd8
Rxd8 41. Kg1 g6 42. Re6 Kg7 43. Kf2 Kf7 44. Ke3 Nf6 45. Kd4 g5 46. Re2 g4 47.
Bg2 h5 48. Ke3 Rh8 49. b5 axb5 50. cxb5 d5 51. Kd4 Ra8 52. Ra2 Ra4+ 53. Ke5 Ke7
54. bxc6 bxc6 55. Kf5 Nd7 56. Kg5 Ne5 57. Kxh5 Nxd3 58. h4 gxh3 59. Bxh3 d4 60.
Bf5 Ne5 61. g4 Kf6 62. Bc8 d3 63. g5+ Kg7 64. g6 Nxg6 65. Rg2 Ra5+ 66. Kg4 Rd5
67. Rd2 c5 68. Ba6 c4 69. Bxc4 Ne5+ 70. Kf4 Nxc4 71. Ke4 Nxd2+ 72. Kxd5 Nb1 0-1

[Event "2. Torneio Aberto do Brasil - Fortaleza"]
[Site "Fortaleza BRA"]
[Date "2012.04.07"]
[Round "5.28"]
[White "Cunha, Eduardo Arruda Da G"]
[Black "Arruda Filho, Ivo Pereira De"]
[Result "0-1"]
[WhiteElo "2242"]
[BlackElo "1923"]
[PlyCount "71"]
[EventDate "2012.04.05"]
[EventType "swiss"]
[EventRounds "7"]
[EventCountry "BRA"]
[Source "lmi"]
[SourceDate "2012.08.05"]

1. e4 c5 2. Nf3 d6 3. d4 cxd4 4. Nxd4 Nf6 5. Nc3 a6 6. Bg5 e6 7. f4 Qb6 8. Qd2
Qxb2 9. Rb1 Qa3 10. e5 dxe5 11. fxe5 Nfd7 12. Ne4 Qxa2 13. Rd1 Qd5 14. Qe3 Qxe5
15. Bf4 Qa5+ 16. Rd2 Be7 17. Nd6+ Bxd6 18. Bxd6 Nf6 19. Bc4 Qb6 20. Qg5 Qxd6
21. Nxe6 Qxd2+ 22. Kxd2 Ne4+ 23. Ke3 Nxg5 24. Nc7+ Kd8 25. Nxa8 Nc6 26. Rd1+
Ke7 27. Nc7 Rd8 28. Nd5+ Kf8 29. h4 Ne6 30. Re1 b5 31. Bb3 Nc5 32. Nf4 Bf5 33.
h5 Ne5 34. Rf1 Bg4 35. Re1 a5 36. Bd5 0-1

[Event "2. Torneio Aberto do Brasil - Fortaleza"]
[Site "Fortaleza BRA"]
[Date "2012.04.07"]
[Round "5.29"]
[White "Ribeiro, Orlando Alves"]
[Black "Baeta, Marcio Netto"]
[Result "1/2-1/2"]
[WhiteElo "1885"]
[BlackElo "2154"]
[PlyCount "118"]
[EventDate "2012.04.05"]
[EventType "swiss"]
[EventRounds "7"]
[EventCountry "BRA"]
[Source "lmi"]
[SourceDate "2012.08.05"]

1. d4 Nf6 2. Nf3 c5 3. d5 b5 4. c4 b4 5. Nbd2 g6 6. b3 Bg7 7. Bb2 O-O 8. e4 d6
9. Bd3 Nbd7 10. O-O Re8 11. Qc2 Ng4 12. Bxg7 Kxg7 13. h3 Nge5 14. Nxe5 Nxe5 15.
Be2 f5 16. f4 Nf7 17. exf5 Bxf5 18. Bd3 e6 19. dxe6 Bxd3 20. Qxd3 Rxe6 21. f5
gxf5 22. Qxf5 Qe7 23. Rf2 Rf6 24. Qg4+ Rg6 25. Qf3 Re8 26. Qd5 Ng5 27. Kh1 Qe5
28. Qxe5+ Rxe5 29. Raf1 Re7 30. h4 Nf7 31. Ne4 Rg4 32. Rf4 Rxf4 33. Rxf4 a5 34.
g4 h6 35. Kg2 Re6 36. g5 Ne5 37. Rf6 Rxf6 38. gxf6+ Kg6 39. Kg3 Nd3 40. Kf3 Nc1
41. f7 Kxf7 42. Nxd6+ Ke7 43. Nb7 Nxa2 44. Nxc5 Nc1 45. Kg4 Kf7 46. Kf4 Kg6 47.
Ke3 Kh5 48. Kd2 Na2 49. Ne4 Kg4 50. Kc2 Kf4 51. c5 Ke5 52. c6 Ke6 53. h5 Ke7
54. Nf6 Kd6 55. Ng8 Nc3 56. Nxh6 Ne4 57. Nf7+ Kxc6 58. h6 Nf6 59. Ng5 Kb5
1/2-1/2

[Event "2. Torneio Aberto do Brasil - Fortaleza"]
[Site "Fortaleza BRA"]
[Date "2012.04.07"]
[Round "5.30"]
[White "Maia, Jose Eduardo Bastos"]
[Black "Rapouso, Ricardo Luis Borba"]
[Result "1-0"]
[WhiteElo "2124"]
[BlackElo "1880"]
[PlyCount "61"]
[EventDate "2012.04.05"]
[EventType "swiss"]
[EventRounds "7"]
[EventCountry "BRA"]
[Source "lmi"]
[SourceDate "2012.08.05"]

1. d4 Nf6 2. c4 g6 3. Nc3 Bg7 4. e4 d6 5. Bd3 O-O 6. Nge2 c5 7. d5 a6 8. O-O b5
9. cxb5 Nbd7 10. bxa6 Bxa6 11. Bxa6 Rxa6 12. Rb1 Qa8 13. b3 Rb8 14. Qc2 e6 15.
dxe6 fxe6 16. a4 Rab6 17. Bf4 Nh5 18. Nb5 Nxf4 19. Nxf4 d5 20. exd5 exd5 21.
Rfe1 Rc8 22. Re7 Nf8 23. Nc7 Rxc7 24. Rxc7 Be5 25. Qxc5 Bxc7 26. Qxc7 Rb4 27.
h3 d4 28. Re1 Qa6 29. Re7 Rb6 30. Rg7+ Kh8 31. Qf7 1-0

[Event "2. Torneio Aberto do Brasil - Fortaleza"]
[Site "Fortaleza BRA"]
[Date "2012.04.07"]
[Round "5.31"]
[White "Fonseca, Luis Ernesto Serra "]
[Black "Lisboa Torres, Eduardo"]
[Result "1-0"]
[WhiteElo "2078"]
[BlackElo "1810"]
[PlyCount "91"]
[EventDate "2012.04.05"]
[EventType "swiss"]
[EventRounds "7"]
[EventCountry "BRA"]
[Source "lmi"]
[SourceDate "2012.08.05"]

1. e4 c5 2. Nf3 d6 3. g3 Nc6 4. Bg2 Nf6 5. d3 g6 6. O-O Bg7 7. Nbd2 O-O 8. c3
e5 9. Re1 Bh6 10. Nf1 Bxc1 11. Qxc1 Bd7 12. h3 Kg7 13. Ne3 b5 14. a4 Na5 15.
Qc2 bxa4 16. d4 cxd4 17. cxd4 Rc8 18. Qd3 Re8 19. Rad1 Qb6 20. Nd5 Nxd5 21.
exd5 e4 22. Rxe4 Bf5 23. Rxe8 Rxe8 24. Qa3 Qb3 25. Rc1 Re2 26. Qxd6 Qxb2 27.
Rc7 Qb6 28. Qd8 Nb7 29. Qb8 Nd6 30. Qxa7 Qxa7 31. Rxa7 Bc2 32. Bf1 Re8 33. Ne5
Bb3 34. Nd3 Nb5 35. Ra5 a3 36. Rxb5 a2 37. Ra5 Bc4 38. Ne5 Bxd5 39. Kh2 Rc8 40.
Bg2 Bb3 41. Nd3 Rc3 42. Nb4 Rc1 43. Nxa2 Ra1 44. Ra3 Bxa2 45. Bd5 Rh1+ 46. Bxh1
1-0

[Event "2. Torneio Aberto do Brasil - Fortaleza"]
[Site "Fortaleza BRA"]
[Date "2012.04.07"]
[Round "5.33"]
[White "Lima Neto, Pedro"]
[Black "Sampaio Filho, Joao Rodrigues"]
[Result "1-0"]
[WhiteElo "2058"]
[BlackElo "1785"]
[PlyCount "61"]
[EventDate "2012.04.05"]
[EventType "swiss"]
[EventRounds "7"]
[EventCountry "BRA"]
[Source "lmi"]
[SourceDate "2012.08.05"]

1. d4 f5 2. Nf3 Nf6 3. g3 e6 4. Bg2 d5 5. O-O c6 6. c4 Bd6 7. Nc3 Nbd7 8. Qc2
Ne4 9. Rb1 O-O 10. b4 b6 11. cxd5 exd5 12. e3 Ba6 13. Rd1 Qe8 14. a4 Bc4 15.
Nd2 Nxd2 16. Bxd2 Nf6 17. b5 c5 18. dxc5 Bxc5 19. Bc1 Rd8 20. Ne2 Ng4 21. Nd4
Bxd4 22. Rxd4 Qh5 23. h3 Ne5 24. Ba3 Rf7 25. Rxd5 Rfd7 26. Rxe5 Bd3 27. Qb3+
Kh8 28. Rc1 Be4 29. Bxe4 Rd1+ 30. Rxd1 Rxd1+ 31. Kg2 1-0

[Event "2. Torneio Aberto do Brasil - Fortaleza"]
[Site "Fortaleza BRA"]
[Date "2012.04.07"]
[Round "5.34"]
[White "Lima Filho, Gilberto Faco"]
[Black "Costa Avelino, Thiago Cesar"]
[Result "1/2-1/2"]
[WhiteElo "2056"]
[BlackElo "1740"]
[PlyCount "88"]
[EventDate "2012.04.05"]
[EventType "swiss"]
[EventRounds "7"]
[EventCountry "BRA"]
[Source "lmi"]
[SourceDate "2012.08.05"]

1. e4 c5 2. Nf3 g6 3. d4 cxd4 4. Nxd4 Nc6 5. Be3 Nf6 6. Nc3 Bg7 7. f3 O-O 8.
Qd2 d5 9. Nxc6 bxc6 10. e5 Nd7 11. f4 e6 12. O-O-O c5 13. Bf2 Bh6 14. Kb1 d4
15. Ne4 Bb7 16. Nd6 Bc6 17. Nc4 Bd5 18. Re1 Bxc4 19. Bxc4 Nb6 20. Be2 Nd5 21.
g3 Qb6 22. Ka1 Rab8 23. Rb1 Rb7 24. Bf3 Rfb8 25. Bxd5 exd5 26. h4 a5 27. h5 Bf8
28. hxg6 fxg6 29. g4 Qb4 30. Qxb4 Rxb4 31. f5 d3 32. cxd3 Rxg4 33. f6 Rf4 34.
Bh4 Re8 35. Rbf1 Rxf1+ 36. Rxf1 Kf7 37. Bg3 h5 38. Rh1 Bh6 39. Rh4 Be3 40. Ra4
Bd2 41. Kb1 g5 42. Kc2 h4 43. Bxh4 gxh4 44. Kxd2 Rxe5 1/2-1/2

[Event "2. Torneio Aberto do Brasil - Fortaleza"]
[Site "Fortaleza BRA"]
[Date "2012.04.07"]
[Round "5.35"]
[White "Lima, Antonio Stenio Patr"]
[Black "Chang, Suzana"]
[Result "1/2-1/2"]
[WhiteElo "1799"]
[BlackElo "2055"]
[PlyCount "73"]
[EventDate "2012.04.05"]
[EventType "swiss"]
[EventRounds "7"]
[EventCountry "BRA"]
[Source "lmi"]
[SourceDate "2012.08.05"]

1. e4 c5 2. Nf3 e6 3. d4 cxd4 4. Nxd4 a6 5. Nc3 b5 6. Bd3 Qb6 7. Nb3 Qc7 8. a3
Nf6 9. Bg5 Be7 10. O-O Nc6 11. f4 d6 12. Kh1 h6 13. Bxf6 Bxf6 14. f5 O-O 15.
Qh5 Ne5 16. Nd2 Nxd3 17. cxd3 Bb7 18. fxe6 fxe6 19. Rac1 Bg5 20. Rxf8+ Rxf8 21.
Qe2 Bxd2 22. Qxd2 Qb6 23. d4 b4 24. axb4 Qxb4 25. Kg1 Qb6 26. Rf1 e5 27. Rxf8+
Kxf8 28. Qf2+ Kg8 29. dxe5 Qxf2+ 30. Kxf2 dxe5 31. Ke3 Kf7 32. Na4 Bc6 33. Nc5
Bb5 34. b4 Kf6 35. Nb3 Bf1 36. Kf2 Bb5 37. Ke3 1/2-1/2

[Event "2. Torneio Aberto do Brasil - Fortaleza"]
[Site "Fortaleza BRA"]
[Date "2012.04.07"]
[Round "5.36"]
[White "Costa, Fernando De Souza"]
[Black "Monte, Edmar Ferreira"]
[Result "1-0"]
[WhiteElo "2045"]
[BlackElo "1704"]
[PlyCount "131"]
[EventDate "2012.04.05"]
[EventType "swiss"]
[EventRounds "7"]
[EventCountry "BRA"]
[Source "lmi"]
[SourceDate "2012.08.05"]

1. d4 Nf6 2. Nf3 e6 3. Bf4 b6 4. e3 Bb7 5. Nbd2 Be7 6. Bd3 O-O 7. e4 d6 8. O-O
Nh5 9. Be3 g6 10. Re1 Nd7 11. Qe2 e5 12. c3 Rc8 13. Rad1 c5 14. dxe5 Nxe5 15.
Nxe5 dxe5 16. Nf3 Qc7 17. Bh6 Rfd8 18. Bc4 Ng7 19. Ng5 Bxg5 20. Bxg5 Rxd1 21.
Rxd1 Re8 22. Qf3 a6 23. Bxf7+ Qxf7 24. Qxf7+ Kxf7 25. Rd7+ Kg8 26. Rxb7 Re6 27.
Kf1 c4 28. a4 Ne8 29. Be3 b5 30. axb5 axb5 31. Rxb5 Nd6 32. Rb6 Kf7 33. f3 Nc8
34. Rb7+ Re7 35. Rb5 Ke6 36. Rc5 Nd6 37. Ke2 Rb7 38. Bc1 g5 39. h3 h5 40. Kd1
g4 41. h4 gxf3 42. gxf3 Rg7 43. f4 exf4 44. Bxf4 Rg4 45. Bxd6 Kxd6 46. Rxc4
Rg1+ 47. Kc2 Rg2+ 48. Kb3 Rg4 49. Ka3 Ke5 50. Rc5+ Kxe4 51. Rxh5 Kd3 52. Rd5+
Kc2 53. h5 Rh4 54. Rc5 Rh1 55. Ra5 Ra1+ 56. Kb4 Rh1 57. b3 Rh4+ 58. c4 Kb2 59.
Rg5 Kc2 60. Rg2+ Kd3 61. Kb5 Rxh5+ 62. c5 Kd4 63. b4 Rh8 64. c6 Rb8+ 65. Ka6
Kd5 66. c7 1-0

[Event "2. Torneio Aberto do Brasil - Fortaleza"]
[Site "Fortaleza BRA"]
[Date "2012.04.07"]
[Round "5.37"]
[White "Vescovi, Katherine Lemos"]
[Black "De Paula, Rafael Figueiredo"]
[Result "1/2-1/2"]
[WhiteElo "1706"]
[BlackElo "2041"]
[PlyCount "119"]
[EventDate "2012.04.05"]
[EventType "swiss"]
[EventRounds "7"]
[EventCountry "BRA"]
[Source "lmi"]
[SourceDate "2012.08.05"]

1. e4 c5 2. Nf3 d6 3. d4 cxd4 4. Nxd4 Nf6 5. Nc3 a6 6. Be3 e6 7. Be2 Be7 8. Qd2
Qc7 9. f3 Nbd7 10. g4 Ne5 11. h4 Nc4 12. Bxc4 Qxc4 13. h5 h6 14. O-O-O Bd7 15.
g5 hxg5 16. Bxg5 O-O-O 17. Nb3 Kb8 18. Rh4 Qc7 19. Rdh1 Bc8 20. h6 gxh6 21.
Rxh6 Rxh6 22. Rxh6 Ng8 23. Bxe7 Qxe7 24. Rh7 Nf6 25. Qg5 Rg8 26. Rg7 Rxg7 27.
Qxg7 Ne8 28. Qg3 Nc7 29. e5 dxe5 30. Qxe5 f6 31. Nd5 Qg7 32. Nxf6 Qg1+ 33. Kd2
Qg2+ 34. Ke3 Qxc2 35. Ne8 Bd7 36. Nxc7 Qxc7 37. Kd4 Kc8 38. Qh8+ Qd8 39. Qxd8+
Kxd8 40. f4 b6 41. Ke5 Ke7 42. Nd4 Bc8 43. b4 Bd7 44. Nf3 Bc6 45. Ng5 Bd5 46.
a3 Bc4 47. Ne4 Kd7 48. Nd2 Bd3 49. Nb3 Bc4 50. Nd4 a5 51. Nc2 Bb3 52. Nd4 Bc4
53. Nc2 Bb3 54. Nd4 Ba2 55. f5 exf5 56. Nxf5 a4 57. Nd4 Bb3 58. Nb5 Kc6 59.
Nd4+ Kd7 60. Nb5 1/2-1/2

[Event "2. Torneio Aberto do Brasil - Fortaleza"]
[Site "Fortaleza BRA"]
[Date "2012.04.07"]
[Round "5.38"]
[White "Rezende, Guilherme Vilela"]
[Black "Pastana, Rafael Pedroni"]
[Result "0-1"]
[WhiteElo "2039"]
[BlackElo "1677"]
[PlyCount "84"]
[EventDate "2012.04.05"]
[EventType "swiss"]
[EventRounds "7"]
[EventCountry "BRA"]
[Source "lmi"]
[SourceDate "2012.08.05"]

1. d4 d5 2. c4 c6 3. Nf3 Nf6 4. e3 e6 5. Qc2 Bd6 6. g4 Nbd7 7. Nc3 Bb4 8. Bd2
Bxc3 9. Bxc3 Nb6 10. Ne5 dxc4 11. e4 O-O 12. O-O-O Nbd7 13. Nxc4 b5 14. Na5 Qb6
15. Bb4 Re8 16. Be2 Kh8 17. g5 Ng8 18. Bh5 g6 19. Bf3 e5 20. Qxc6 Qxc6+ 21.
Nxc6 exd4 22. Rxd4 Ne5 23. Nxe5 Rxe5 24. Rd8 f6 25. Bc3 Rc5 26. Kb1 Kg7 27.
gxf6+ Kf7 28. e5 Bf5+ 29. Ka1 Rxd8 30. h4 h5 31. Re1 Be6 32. Be4 Nh6 33. a3 Nf5
34. Rh1 Rc4 35. Bb1 Rxh4 36. Rc1 Nd4 37. Bxd4 Rhxd4 38. Rc6 Rd1 39. b4 Bf5 40.
Rc7+ R8d7 41. Rxd7+ Bxd7 42. Kb2 Rxb1+ 0-1

[Event "2. Torneio Aberto do Brasil - Fortaleza"]
[Site "Fortaleza BRA"]
[Date "2012.04.07"]
[Round "5.39"]
[White "De Paula, Guilherme Bueno"]
[Black "Lemos, Dawton Almino"]
[Result "1-0"]
[WhiteElo "2032"]
[BlackElo "1887"]
[PlyCount "113"]
[EventDate "2012.04.05"]
[EventType "swiss"]
[EventRounds "7"]
[EventCountry "BRA"]
[Source "lmi"]
[SourceDate "2012.08.05"]

1. g3 Nf6 2. Bg2 g6 3. e4 d6 4. d3 Bg7 5. f4 c5 6. Nf3 Nc6 7. c3 e5 8. O-O O-O
9. Na3 Rb8 10. Nc2 b5 11. Ne3 b4 12. c4 Ne8 13. f5 Nc7 14. g4 Nd4 15. Nc2 Bd7
16. Ncxd4 cxd4 17. Kf2 Na6 18. Kg3 Nc5 19. h4 h6 20. Ne1 Ba4 21. Qf3 Nd7 22. g5
h5 23. f6 Bh8 24. Bd2 Nc5 25. Bh3 Bd7 26. Bxd7 Qxd7 27. Kh2 Rfe8 28. Qh3 a5 29.
Qxd7 Nxd7 30. Rf3 Rbc8 31. Kg2 Rb8 32. Kf2 Nc5 33. Ke2 a4 34. Rf1 a3 35. b3
Rec8 36. Nc2 Na6 37. Be1 Rc7 38. Bg3 Nc5 39. Nxd4 exd4 40. Bxd6 Rcc8 41. Bxb8
Rxb8 42. Rae1 Kf8 43. e5 Ne6 44. Rc1 Nc5 45. Rf4 Rd8 46. Re4 Rd7 47. e6 fxe6
48. Re5 Rc7 49. Rf1 Kf7 50. Kd2 Ke8 51. Kc2 Rc6 52. Rf4 Kf7 53. Rxd4 Bxf6 54.
gxf6 Kxf6 55. Re2 e5 56. Rd8 Kf5 57. Rd5 1-0

[Event "2. Torneio Aberto do Brasil - Fortaleza"]
[Site "Fortaleza BRA"]
[Date "2012.04.07"]
[Round "5.40"]
[White "Amancio, Arnaldo Regis"]
[Black "Santos, Antonio Inacio Dos"]
[Result "1/2-1/2"]
[WhiteElo "1884"]
[BlackElo "2017"]
[PlyCount "99"]
[EventDate "2012.04.05"]
[EventType "swiss"]
[EventRounds "7"]
[EventCountry "BRA"]
[Source "lmi"]
[SourceDate "2012.08.05"]

1. d4 Nf6 2. c4 e6 3. a3 d5 4. Nf3 c6 5. e3 Nbd7 6. Nc3 Bd6 7. Bd3 O-O 8. O-O
dxc4 9. Bxc4 e5 10. e4 exd4 11. Nxd4 Ne5 12. Bb3 Bc5 13. Nde2 Qe7 14. h3 Rd8
15. Qc2 a6 16. Bg5 Ba7 17. Rad1 Be6 18. Bxe6 Qxe6 19. Ng3 h6 20. Bc1 Ng6 21.
Nf5 Rac8 22. Be3 c5 23. f4 Ne7 24. Ng3 Nc6 25. e5 Nd4 26. Qf2 Nd5 27. Nxd5 Rxd5
28. Kh1 Rcd8 29. Ne4 f6 30. Nc3 R5d7 31. exf6 Qxf6 32. Rde1 Re7 33. Bc1 Rxe1
34. Rxe1 Qf7 35. Re5 Bb8 36. Re4 b6 37. Qh4 Rd7 38. Qe1 Kf8 39. Nd1 Nf5 40. Ne3
Nxe3 41. Bxe3 Qb3 42. Qf2 Qd1+ 43. Kh2 Kf7 44. b4 Qd5 45. Qc2 Bd6 46. bxc5 bxc5
47. Qa4 Bc7 48. Rc4 Bb6 49. Bxc5 Rc7 50. Bxb6 1/2-1/2

[Event "2. Torneio Aberto do Brasil - Fortaleza"]
[Site "Fortaleza BRA"]
[Date "2012.04.07"]
[Round "5.41"]
[White "Sampaio, Leonardo Ribeiro"]
[Black "Pluschkat, Gustavo Ranulpho"]
[Result "0-1"]
[WhiteElo "1882"]
[BlackElo "2003"]
[PlyCount "78"]
[EventDate "2012.04.05"]
[EventType "swiss"]
[EventRounds "7"]
[EventCountry "BRA"]
[Source "lmi"]
[SourceDate "2012.08.05"]

1. d4 Nf6 2. c4 e6 3. g3 Bb4+ 4. Bd2 Be7 5. Nf3 d5 6. Bg2 O-O 7. O-O c6 8. Qc2
Ne4 9. Bf4 f6 10. Rd1 Na6 11. a3 g5 12. Bc1 Bd7 13. Nbd2 Nd6 14. b3 Be8 15. Bb2
Bg6 16. Qc1 Rc8 17. c5 Nf7 18. Ne1 e5 19. e4 exd4 20. Bxd4 Ne5 21. b4 Bh5 22.
f3 Nc7 23. Nb3 Qe8 24. Rd2 Qf7 25. f4 Ng6 26. f5 Ne5 27. Bxe5 fxe5 28. Qb2 d4
29. h3 Qf6 30. Bf1 Rcd8 31. Rc1 Nb5 32. Bxb5 cxb5 33. g4 Bf7 34. Kf2 Kg7 35.
Nd3 h5 36. Rh1 Rh8 37. Rdd1 Bc4 38. Qc2 b6 39. cxb6 axb6 0-1

[Event "2. Torneio Aberto do Brasil - Fortaleza"]
[Site "Fortaleza BRA"]
[Date "2012.04.07"]
[Round "5.42"]
[White "Moro, Antonio Renato Pere"]
[Black "Araujo Frota, Rewbenio"]
[Result "0-1"]
[WhiteElo "1832"]
[BlackElo "1975"]
[PlyCount "126"]
[EventDate "2012.04.05"]
[EventType "swiss"]
[EventRounds "7"]
[EventCountry "BRA"]
[Source "lmi"]
[SourceDate "2012.08.05"]

1. e4 c6 2. d4 d5 3. Nc3 dxe4 4. Nxe4 Nd7 5. Bc4 Ngf6 6. Ng5 e6 7. Bb3 Bd6 8.
Ne2 O-O 9. Qd3 Re8 10. Be3 c5 11. Rd1 Qe7 12. c3 b6 13. h3 Bb7 14. f3 a5 15.
O-O a4 16. Bc4 Bd5 17. Ne4 Bxc4 18. Qxc4 Nd5 19. Bg5 f6 20. Nxd6 Qxd6 21. Bc1
Rec8 22. dxc5 Rxc5 23. Qe4 Qe5 24. Qxe5 Nxe5 25. Nd4 Kf7 26. a3 Nc4 27. Rfe1
Re8 28. f4 g6 29. Re2 e5 30. fxe5 fxe5 31. Rde1 Nf6 32. Nf3 b5 33. Bh6 Kg8 34.
Rf1 Nh5 35. Kh2 Rd5 36. g4 Ng7 37. Ng5 Nd6 38. Rfe1 Ne6 39. Rxe5 Rxe5 40. Rxe5
Nxg5 41. Rxe8+ Nxe8 42. Bxg5 Nd6 43. Bc1 Kf7 44. Kg2 Ke6 45. Kf3 Kd5 46. Bf4
Nc4 47. Bc1 Ne5+ 48. Ke3 Kc4 49. Kd2 Kb3 50. Kd1 Nd3 51. Be3 Nxb2+ 52. Kc1 Nc4
53. Bd4 Nxa3 54. Bf6 Nc4 55. Kb1 Nd2+ 56. Ka1 Ne4 57. g5 Nxc3 58. h4 Kc2 59.
Be7 Nd5 60. Bd6 b4 61. Bc5 b3 62. Ba3 Ne3 63. Bc1 Kxc1 0-1

[Event "2. Torneio Aberto do Brasil - Fortaleza"]
[Site "Fortaleza BRA"]
[Date "2012.04.07"]
[Round "5.43"]
[White "Arpon, Rodrigo Tobias Lana"]
[Black "Nunes, Moezio Correia"]
[Result "1/2-1/2"]
[WhiteElo "1825"]
[BlackElo "1959"]
[PlyCount "109"]
[EventDate "2012.04.05"]
[EventType "swiss"]
[EventRounds "7"]
[EventCountry "BRA"]
[Source "lmi"]
[SourceDate "2012.08.05"]

1. e4 d6 2. d4 Nf6 3. Nc3 g6 4. g3 Bg7 5. Bg2 O-O 6. Nge2 Nbd7 7. O-O e5 8.
dxe5 dxe5 9. h3 c6 10. Be3 Re8 11. Qd2 Qc7 12. Rad1 Nf8 13. Qd6 Qa5 14. Qc5 Qc7
15. Qd6 Qa5 16. Qc5 Qxc5 17. Bxc5 b6 18. Be3 Ba6 19. Rd2 Ne6 20. Rfd1 c5 21.
Nc1 Nd4 22. Nb1 Bb7 23. f3 Nh5 24. c3 Ne6 25. Kh2 f5 26. Na3 f4 27. Bf2 fxg3+
28. Bxg3 Nxg3 29. Kxg3 Red8 30. Rxd8+ Rxd8 31. Rxd8+ Nxd8 32. Bf1 a6 33. Bc4+
Kf8 34. Nd3 b5 35. Bd5 c4 36. Nc5 Bc8 37. b3 Ke8 38. bxc4 Bf8 39. cxb5 Bxc5 40.
bxa6 Bxa6 41. Nc2 Ke7 42. Nb4 Bxb4 43. cxb4 Bb5 44. Bb3 Be8 45. a4 Nc6 46. b5
Na5 47. Bd1 Bf7 48. f4 Bb3 49. Bxb3 Nxb3 50. b6 Na5 51. h4 Ke6 52. h5 Nb7 53.
hxg6 hxg6 54. fxe5 Kxe5 55. Kg4 1/2-1/2

[Event "2. Torneio Aberto do Brasil - Fortaleza"]
[Site "Fortaleza BRA"]
[Date "2012.04.07"]
[Round "5.46"]
[White "Buarque, Hugo Leonardo De Br"]
[Black "Paiva, Lucas Daniel Bezerr"]
[Result "1-0"]
[WhiteElo "1928"]
[BlackElo "1739"]
[PlyCount "87"]
[EventDate "2012.04.05"]
[EventType "swiss"]
[EventRounds "7"]
[EventCountry "BRA"]
[Source "lmi"]
[SourceDate "2012.08.05"]

1. d4 d5 2. c4 Nf6 3. Nc3 e6 4. e3 Bb4 5. a3 Bxc3+ 6. bxc3 O-O 7. Nf3 c5 8. Be2
Ne4 9. Qc2 Qa5 10. Bd2 cxd4 11. cxd4 Nxd2 12. Qxd2 Qxd2+ 13. Kxd2 dxc4 14. Ne5
Nd7 15. Nxc4 Rd8 16. Bf3 Rb8 17. Nd6 Nb6 18. Nxc8 Rdxc8 19. Rhc1 Nc4+ 20. Ke1
Nd6 21. Be2 Rxc1+ 22. Rxc1 Rc8 23. Rxc8+ Nxc8 24. Kd2 a5 25. Kc3 Nd6 26. Bd3 f5
27. f3 g6 28. Kb3 Kf7 29. e4 fxe4 30. fxe4 Ke7 31. Ka4 b6 32. e5 Nc8 33. Kb5
Kd7 34. Bc4 h6 35. Ka6 g5 36. g4 Ke7 37. Kb7 Kd8 38. Bxe6 Ne7 39. Kxb6 Ke8 40.
Kc7 Ng6 41. d5 Nxe5 42. d6 Nc6 43. Kxc6 Kd8 44. Kb5 1-0

[Event "2. Torneio Aberto do Brasil - Fortaleza"]
[Site "Fortaleza BRA"]
[Date "2012.04.07"]
[Round "5.47"]
[White "Ribeiro Junior, Valdir Uchoa"]
[Black "De Souza, Gutemberg Magalhaes"]
[Result "1-0"]
[WhiteElo "1931"]
[BlackElo "1787"]
[PlyCount "75"]
[EventDate "2012.04.05"]
[EventType "swiss"]
[EventRounds "7"]
[EventCountry "BRA"]
[Source "lmi"]
[SourceDate "2012.08.05"]

1. c4 Nf6 2. g3 g6 3. Bg2 Bg7 4. Nf3 d6 5. Nc3 O-O 6. O-O c6 7. d4 Nbd7 8. b4
e5 9. e4 Qe8 10. Rb1 Kh8 11. Re1 Qd8 12. h3 Re8 13. Bg5 Qc7 14. Qb3 Nf8 15.
Rbd1 Ne6 16. Be3 Bd7 17. d5 cxd5 18. exd5 Nf8 19. a4 b6 20. Nb5 Bxb5 21. axb5
N8d7 22. Ra1 Re7 23. Ra6 Nh5 24. g4 Nhf6 25. Rea1 Ng8 26. R1a2 f5 27. Ng5 f4
28. Bd2 Nf8 29. Ne6 Qb8 30. c5 Nxe6 31. dxe6 dxc5 32. Qd5 Nf6 33. Qxa8 Qxa8 34.
Bxa8 c4 35. Rxa7 Rxe6 36. g5 e4 37. gxf6 Bxf6 38. Bxf4 1-0

[Event "2. Torneio Aberto do Brasil - Fortaleza"]
[Site "Fortaleza BRA"]
[Date "2012.04.07"]
[Round "5.48"]
[White "De Freitas, Julio Eimard"]
[Black "Bueno, Marcos Antonio Ferr"]
[Result "1-0"]
[WhiteElo "1865"]
[BlackElo "1793"]
[PlyCount "69"]
[EventDate "2012.04.05"]
[EventType "swiss"]
[EventRounds "7"]
[EventCountry "BRA"]
[Source "lmi"]
[SourceDate "2012.08.05"]

1. d4 d6 2. c4 Nf6 3. Nc3 g6 4. e4 Bg7 5. Bd3 O-O 6. Nge2 Nbd7 7. O-O c5 8. b3
cxd4 9. Nxd4 Nc5 10. Bc2 Ne8 11. Be3 Qa5 12. Qd2 Ne6 13. f4 Nxd4 14. Bxd4 e5
15. Be3 exf4 16. Bd4 Bxd4+ 17. Qxd4 Qe5 18. Rad1 g5 19. Nd5 f6 20. h3 b6 21.
Rd2 Bb7 22. Bd1 Rd8 23. Bg4 Ng7 24. Rfd1 Kh8 25. Bf5 Nxf5 26. exf5 Qxf5 27. Re1
Rf7 28. Qd3 Qxd3 29. Rxd3 h5 30. Re6 Kg7 31. Ne7 d5 32. cxd5 f5 33. Rg6+ Kf8
34. d6 g4 35. Rg8# 1-0